000 00277 a2200121 4500
001 147003
040 _cEscola São Tomás de Aquino
100 _aPENNART, Geoffroy
240 1 0 _aO lobo voltou!
_lpor
245 1 0 _aO lobo voltou!
697 _a*LITERATURA INFANTO
942 _cBK
999 _c147003
_d147003